| 000 | 03632nam a22003137a 4500 | ||
|---|---|---|---|
| 005 | 20150527105152.0 | ||
| 008 | 130419s1843 fr a fr|||||001|0|spa|d | ||
| 040 |
_aCo-BoUCM _bspa _cSandra Yazo (modificó) _dSandra Yazo (modificó) |
||
| 041 | 1 |
_aspa _h Francés |
|
| 082 | 0 | 4 |
_a530.2 _220 |
| 092 | _aE01N050 | ||
| 100 | 1 |
_aDespretz, C. _q(César) _d1789-1863 _936315 |
|
| 245 | 1 | 0 |
_aTratado elemental de física _cEscrito en francés por M. Despretz ; traducido al castellano y notablemente aumentado con los descubrimientos de Arago ; Gay-Lussac ; Regnault ; Pouillet ; Lamé ; Person, etc. por D. L. de la Escosura. |
| 260 |
_aParís (Francia) _bLibrería de la Rosa _c1843 |
||
| 300 |
_a4 volúmenes (381 páginas, 5 hojas plegadas ; 362 páginas, 5 hojas plegadas ; 361 páginas, 3 hojas plegadas ; 333 páginas, 3 hojas plegadas) _bilustraciones _c22 x 14 cm. |
||
| 500 | _aDetalles físicos: Encuadernación rígida en cartón forrado en cuero. Tapas con recuadros en dorado, con raspaduras, esquinas dobladas y residuos de cinta pegante. Guardas en papel de agua. Portada impresa en una tinta. Texto en una columna. Notas de pie de página. Fórmulas y tablas entre el texto. Grabados al final de cada volumen. Cortes pintados. Copia 3 encuaderna dos tomos en un volumen | ||
| 505 | 2 | _aV.1: Advertencia ; Prólogo ; Pesos y medidas franceses y españoles ; La materia ; Leyes del movimiento y la caída de los cuerpos ; Los cuerpos ; El equilibrio de fuerzas ; Máquinas simples: palanca, plano inclinado, rosca, polea, torno ; Los fluidos ; Movimiento de los gases ; Gasómetros ; Compresión de los líquidos ; Instrumentos: Tornillo micrométrico ; esferómetro ; Calor ; Construcción del termómetro ; Termómetro de aire, diferencial, de máxima y mínima -- V.2: Higrometría ; Higrómetro de Saussure ; Densidad ; Atmósfera ; Barómetro: De cubeta y de sifón ; Máquinas de vapor: Máquina de Watt y máquina de Woolf ; Máquinas de alta presión ; Electricidad: Nociones, hipótesis, leyes ; Pérdidas de electricidad ; Conductores ; Apéndice: La pila, Polaridad eléctrica -- V.3: Magnetismo: Leyes ; Métodos para imantar los cuerpos ; Pérdidas del magnetismo ; Distribución del magnetismo ; Ecuador magnético, Intensión de la acción magnética del globo ; Acción recíproca entre los imanes y otros cuerpos ; Acústica: Velocidad del sonido ; Propagación y reflexión del sonido ; Vibraciones de los cuerpos sólidos y líquidos ; Sonidos armónicos ; Afinación ; Vibraciones longitudinales de las cuerdas ; Meteorología: Las nubes ; Suspensión de las nubes en la atmósfera ; Lluvia, nieve, nieblas y sereno, escarcha ; Aerolitos ; Vientos ; Temperatura de diversos climas ; Líneas isotérmicas, Temperatura de los dos hemisferios -- V.4: Óptica: La luz: Propiedades, reflexión ; Espejos y aplicaciones ; Refracción y aplicación ; Lentes ; Apéndice | |
| 506 | _aConsulta en sala | ||
| 650 | 7 |
_aFísica _915907 |
|
| 650 | 7 |
_aElectricidad _913958 |
|
| 650 | 7 |
_aÓptica física _920781 |
|
| 650 | 7 |
_aAcústica _939695 |
|
| 690 | _aCiencias naturales | ||
| 700 | 1 |
_aEscosura, J. de la _936316 _etraductor |
|
| 856 | 4 |
_zDisponible en línea V.2 _uhttp://books.google.com.co/books?id=1HqmcNVn2TkC&printsec=frontcover&source=gbs_v2_summary_r&cad=0 |
|
| 856 | 4 |
_zDisponible en línea V.3 _uhttp://books.google.com.co/books?id=hhInu7wZ0K0C&printsec=frontcover&source=gbs_v2_summary_r&cad=0 |
|
| 856 | 4 |
_zDisponible en línea V.4 _uhttp://books.google.com.co/books?id=utpn4GN63hIC&printsec=frontcover&source=gbs_v2_summary_r&cad=0 |
|
| 942 |
_cLIBRO _e1 _a25 _2LOCAL _hE01N050 |
||
| 999 |
_c65844 _d65844 |
||